000 00467nam a22001697a 4500
003 NUST - PNEC
005 20170116181003.0
008 150912b xxu||||| |||| 00| 0 eng d
020 _a007990328
040 _cLIBRARY
082 _a005.73 LIP
100 _99649
_aLipschutz, Martin M,
245 _aSchaum's outline series theory & problems of data processing
_cMartin M. Lipschutz
260 _cc.1982
650 _99651
_aData processing
_xMIS
942 _2ddc
_cBK
999 _c66791
_d66791